| 000 | 00976cam a2200301 i 4500 | ||
|---|---|---|---|
| 999 |
_c200441322 _d59534 |
||
| 003 | TR-AnTOB | ||
| 005 | 20230607090858.0 | ||
| 007 | ta | ||
| 008 | 840608s1938 ilu d 000 0 eng | ||
| 010 | _ags 41000092 | ||
| 040 |
_aDLC _beng _erda _cCarP _dTR-AnTOB |
||
| 041 | 0 |
_ager _aeng |
|
| 050 | 0 | 0 |
_aPF3640 _b.W47 1957 |
| 090 |
_aTOBBK PF3640 _b.W47 1957 |
||
| 100 | 1 |
_aWessely, J. E., _d1841-1900 _9136066 |
|
| 245 | 1 | 0 |
_aJunior classic German dictionary : _bGerman-English and English-German. |
| 250 | _aRev. 1932 ed. | ||
| 264 | 1 |
_aChicago, _bIll: Wilcox & Follett, _c1944. |
|
| 300 |
_a[iii]-viii, [2], 328, 224 pages : _c17 cm |
||
| 336 |
_atext _btxt _2rdacontent |
||
| 337 |
_aunmediated _bn _2rdamedia |
||
| 338 |
_avolume _bnc _2rdacarrier |
||
| 650 | 0 |
_aGerman language _vDictionaries _xEnglish _940112 |
|
| 650 | 0 |
_aEnglish language _vDictionaries _xGerman _940111 |
|
| 942 |
_2z _cBK |
||